[Event "VIII Lorca Open-A 2019"]
[Site "Lorca"]
[Date "2019.12.28"]
[Round "5.12"]
[White "Holm, Kristian Stuvik"]
[Black "Garcia Romero, Benjamin Abel"]
[Result "1/2-1/2"]
[WhiteElo "2489"]
[BlackElo "2231"]
[Annotator "ChessBase"]
[PlyCount "110"]
[EventDate "2019.12.26"]
[EventType "swiss"]
[EventCountry "ESP"]
[SourceTitle "playchess.com"]
[Source "ChessBase"]
[SourceQuality "1"]
[TimeControl "5400+30"]

1. d4 {[%emt 0:00:00]} d5 {[%emt 0:02:43]} 2. c4 {[%emt 0:00:00]} c6 {[%emt 0:00:06]} 3. Nc3 {[%emt 0:00:00]} Nf6 {[%emt 0:00:17]} 4. e3 {[%emt 0:00:03]} a6 {[%emt 0:00:28]} 5. Nf3 {[%emt 0:01:08]} g6 {[%emt 0:03:41]} 6. Be2 {[%emt 0:02:12]} Bg7 {[%emt 0:00:32]} 7. O-O {[%emt 0:01:00]} O-O {[%emt 0:00:16]} 8. b3 {[%emt 0:05:15]} Re8 {[%emt 0:06:17]} 9. h3 {[%emt 0:03:38]} e6 {[%emt 0:02:12]} 10. Qc2 {[%emt 0:10:00]} Nbd7 {[%emt 0:03:38]} 11. Ba3 {[%emt 0:05:22]} b6 {[%emt 0:05:37]} 12. Rad1 {[%emt 0:02:49]} Bb7 {[%emt 0:02:57]} 13. e4 {[%emt 0:02:33]} Nxe4 {[%emt 0:00:49]} 14. Nxe4 {[%emt 0:00:07]} dxe4 {[%emt 0:00:05]} 15. Qxe4 {[%emt 0:00:07]} Qc7 {[%emt 0:00:43]} 16. c5 {[%emt 0:09:00]} b5 {[%emt 0:08:41]} 17. Bb2 {[%emt 0:04:33]} Nxc5 {[%emt 0:04:51]} 18. dxc5 {[%emt 0:01:53]} Bxb2 {[%emt 0:00:08]} 19. Rd6 {[%emt 0:00:41]} Rad8 {[%emt 0:01:20]} 20. Rfd1 {[%emt 0:00:43]} Bf6 {[%emt 0:01:12]} 21. Qf4 {[%emt 0:06:49]} Be7 {[%emt 0:06:30]} 22. Rxd8 {[%emt 0:01:08]} Bxd8 {[%emt 0:01:46]} 23. Qxc7 {[%emt 0:00:09]} Bxc7 {[%emt 0:00:02]} 24. Rd7 {[%emt 0:00:07]} Rc8 {[%emt 0:00:06]} 25. Ng5 {[%emt 0:00:05]} Bf4 {[%emt 0:01:01]} 26. Rxf7 {[%emt 0:04:07]} Bxg5 {[%emt 0:01:22]} 27. Rxb7 {[%emt 0:00:05]} Rd8 {[%emt 0:09:40]} 28. Bg4 {[%emt 0:12:09]} Kf8 {[%emt 0:05:17]} 29. Rb6 {[%emt 0:02:59]} h5 {[%emt 0:02:30]} 30. Bf3 {[%emt 0:03:38]} Be7 {[%emt 0:10:08]} 31. Rxc6 {[%emt 0:00:28]} b4 {[%emt 0:00:41]} 32. g4 {[%emt 0:09:17]} hxg4 {[%emt 0:02:26]} 33. Bxg4 {[%emt 0:00:12]} Rd5 {[%emt 0:02:07]} 34. Rc8+ {[%emt 0:04:33]} Kf7 {[%emt 0:00:59]} 35. c6 {[%emt 0:00:03]} Rc5 {[%emt 0:00:29]} 36. Be2 {[%emt 0:00:10]} a5 {[%emt 0:01:56]} 37. Bc4 {[%emt 0:00:56]} Bd6 {[%emt 0:01:40]} 38. Kg2 {[%emt 0:00:41]} a4 {[%emt 0:04:30]} 39. Kf3 {[%emt 0:01:41]} axb3 {[%emt 0:03:17]} 40. axb3 {[%emt 0:00:35]} Ke7 {[%emt 0:00:44]} 41. Ke4 {[%emt 0:00:30]} Rh5 {[%emt 0:01:25]} 42. Rg8 {[%emt 0:03:32]} Rh4+ {[%emt 0:03:02]} 43. Ke3 {[%emt 0:00:21]} Rxh3+ {[%emt 0:00:11]} 44. Ke2 {[%emt 0:00:05]} Rh5 {[%emt 0:02:11]} 45. Rxg6 {[%emt 0:02:43]} Re5+ {[%emt 0:00:21]} 46. Kd3 {[%emt 0:00:05]} Bc7 {[%emt 0:00:07]} 47. Ba6 {[%emt 0:01:48]} Kd6 {[%emt 0:00:18]} 48. Bb7 {[%emt 0:00:11]} Kc5 {[%emt 0:00:14]} 49. f3 {[%emt 0:01:20]} Rd5+ {[%emt 0:00:32]} 50. Kc2 {[%emt 0:00:15]} Rf5 {[%emt 0:00:39]} 51. Rg7 {[%emt 0:00:11]} Kb6 {[%emt 0:00:10]} 52. Rg4 {[%emt 0:00:09]} Kb5 {[%emt 0:01:07]} 53. Rg7 {[%emt 0:00:57]} Kb6 {[%emt 0:00:05]} 54. Rg4 {[%emt 0:01:20]} Kb5 {[%emt 0:00:05]} 55. f4 {[%emt 0:00:04]} Rxf4 {[%emt 0:00:29]} 1/2-1/2

[Event "VIII Lorca Open-A 2019"]
[Site "Lorca"]
[Date "2019.12.28"]
[Round "5.13"]
[White "Gascon Del Nogal, Jose Rafael"]
[Black "Espineira Gonzalez, Diego"]
[Result "1-0"]
[WhiteElo "2475"]
[BlackElo "2331"]
[Annotator "ChessBase"]
[PlyCount "43"]
[EventDate "2019.12.26"]
[EventType "swiss"]
[EventCountry "ESP"]
[SourceTitle "playchess.com"]
[Source "ChessBase"]
[SourceQuality "1"]
[TimeControl "5400+30"]

1. e3 {[%emt 0:04:33]} d5 {[%emt 0:00:22]} 2. Nf3 {[%emt 0:00:18]} Nf6 {[%emt 0:00:17]} 3. c4 {[%emt 0:00:06]} e6 {[%emt 0:00:23]} 4. d4 {[%emt 0:00:05]} Nbd7 {[%emt 0:01:15]} 5. Nc3 {[%emt 0:00:34]} Be7 {[%emt 0:00:17]} 6. Qc2 {[%emt 0:10:30]} O-O {[%emt 0:01:25]} 7. cxd5 {[%emt 0:01:38]} exd5 {[%emt 0:00:48]} 8. g4 {[%emt 0:07:27]} c6 {[%emt 0:03:19]} 9. g5 {[%emt 0:00:52]} Nh5 {[%emt 0:00:50]} 10. Bd3 {[%emt 0:09:06]} g6 {[%emt 0:02:25]} 11. Bd2 {[%emt 0:00:45]} Re8 {[%emt 0:04:25]} 12. O-O-O {[%emt 0:00:29]} Nf8 {[%emt 0:00:31]} 13. Ne2 {[%emt 0:01:07]} Ne6 {[%emt 0:05:56]} 14. Ng3 {[%emt 0:01:02]} Neg7 {[%emt 0:05:10]} 15. Nxh5 {[%emt 0:00:05]} Nxh5 {[%emt 0:00:10]} 16. Ne5 {[%emt 0:00:04]} Bxg5 {[%emt 0:04:46]} 17. Rdg1 {[%emt 0:03:16]} Qe7 {[%emt 0:08:41]} 18. f4 {[%emt 0:04:10]} Bf6 {[%emt 0:02:03]} 19. f5 {[%emt 0:08:34]} g5 {[%emt 0:14:58]} 20. h4 {[%emt 0:00:32]} g4 {[%emt 0:00:23]} 21. Rxg4+ {[%emt 0:00:34]} Kh8 {[%emt 0:00:10]} 22. Bb4 {[%emt 0:45:13]} 1-0

[Event "VIII Lorca Open-A 2019"]
[Site "Lorca"]
[Date "2019.12.28"]
[Round "5.13"]
[White "Gascon Del Nogal, Jose Rafael"]
[Black "Espineira Gonzalez, Diego"]
[Result "*"]
[WhiteElo "2475"]
[BlackElo "2331"]
[Annotator "ChessBase"]
[PlyCount "36"]
[EventDate "2019.12.26"]
[EventType "swiss"]
[EventCountry "ESP"]
[SourceTitle "playchess.com"]
[Source "ChessBase"]
[SourceQuality "1"]
[TimeControl "5400+30"]

1. e4 {[%emt 1:30:30]} c5 {[%emt 1:30:30]} 2. Nf3 {[%emt 0:00:30]} d6 {[%emt 0:00:30]} 3. d4 {[%emt 0:00:30]} cxd4 {[%emt 0:00:30]} 4. Nxd4 {[%emt 0:00:30]} Nf6 {[%emt 0:00:30]} 5. Nc3 {[%emt 0:00:30]} a6 {[%emt 0:00:30]} 6. f3 {[%emt 0:00:30]} e5 {[%emt 0:00:30]} 7. Nb3 {[%emt 0:00:30]} Be6 {[%emt 0:00:30]} 8. Be3 {[%emt 0:00:30]} Be7 {[%emt 0:00:30]} 9. Qd2 {[%emt 0:00:30]} Nbd7 {[%emt 0:00:30]} 10. O-O-O {[%emt 0:00:30]} O-O {[%emt 0:00:30]} 11. g4 {[%emt 0:00:30]} b5 {[%emt 0:00:30]} 12. g5 {[%emt 0:00:30]} Nh5 {[%emt 0:00:30]} 13. Kb1 {[%emt 0:00:30]} Nb6 {[%emt 0:00:30]} 14. Na5 {[%emt 0:00:30]} Qc7 {[%emt 0:00:30]} 15. Nd5 {[%emt 0:00:30]} Nxd5 {[%emt 0:00:30]} 16. exd5 {[%emt 0:00:30]} Bf5 {[%emt 0:00:30]} 17. Rc1 {[%emt 0:00:30]} f6 {[%emt 0:00:30]} 18. gxf6 {[%emt 0:00:30]} Bxf6 {[%emt 0:00:30]} *

[Event "VIII Lorca Open-A 2019"]
[Site "Lorca"]
[Date "2019.12.28"]
[Round "5.14"]
[White "Alonso Garcia, Aaron"]
[Black "Raja Harshit"]
[Result "*"]
[WhiteElo "2258"]
[BlackElo "2447"]
[Annotator "NA RC"]
[PlyCount "61"]
[EventDate "2019.12.26"]
[EventType "swiss"]
[EventCountry "ESP"]
[SourceTitle "playchess.com"]
[Source "ChessBase"]
[SourceQuality "1"]
[TimeControl "5400+30"]

1. e4 {[%emt 1:30:30]} c5 {[%emt 1:30:30]} 2. Nf3 {[%emt 0:00:30]} d6 {[%emt 0:00:30]} 3. d4 {[%emt 0:00:30]} cxd4 {[%emt 0:00:30]} 4. Nxd4 {[%emt 0:00:30]} Nf6 {[%emt 0:00:30]} 5. Nc3 {[%emt 0:00:30]} a6 {[%emt 0:00:30]} 6. f3 {[%emt 0:00:30]} e5 {[%emt 0:00:30]} 7. Nb3 {[%emt 0:00:30]} Be6 {[%emt 0:00:30]} 8. Be3 {[%emt 0:00:30]} Be7 {[%emt 0:00:30]} 9. Qd2 {[%emt 0:00:30]} Nbd7 {[%emt 0:00:30]} 10. O-O-O {[%emt 0:00:30]} O-O {[%emt 0:00:30]} 11. g4 {[%emt 0:00:30]} b5 {[%emt 0:00:30]} 12. g5 {[%emt 0:00:30]} Nh5 {[%emt 0:00:30]} 13. Kb1 {[%emt 0:00:30]} Nb6 {[%emt 0:00:30]} 14. Na5 {[%emt 0:00:30]} Qc7 {[%emt 0:00:30]} 15. Nd5 {[%emt 0:00:30]} Nxd5 {[%emt 0:00:30]} 16. exd5 {[%emt 0:00:30]} Bf5 {[%emt 0:00:30]} 17. Rc1 {[%emt 0:00:30]} f6 {[%emt 0:00:30]} 18. gxf6 {[%emt 0:00:30]} Bxf6 {[%emt 0:00:30]} 19. Ka1 {[%emt 0:00:30]} b4 {[%emt 0:00:30]} 20. Nc6 {[%emt 0:00:30]} a5 {[%emt 0:00:30]} 21. Bd3 {[%emt 0:00:30]} Qd7 {[%emt 0:00:30]} 22. Rhg1 {[%emt 0:00:30]} Bxd3 {[%emt 0:00:30]} 23. Qxd3 {[%emt 0:00:30]} Nf4 {[%emt 0:00:30]} 24. Bxf4 {[%emt 0:00:30]} exf4 {[%emt 0:00:30]} 25. Kb1 {[%emt 0:00:30]} Qh3 {[%emt 0:00:30]} 26. Rce1 {[%emt 0:00:30]} Rfe8 {[%emt 0:00:30]} 27. Re2 {[%emt 0:00:30]} Kf8 {[%emt 0:00:30]} 28. Rge1 {[%emt 0:00:30]} Bh4 {[%emt 0:00:30]} 29. Rxe8+ {[%emt 0:00:30]} Rxe8 {[%emt 0:00:30]} 30. Rxe8+ {[%emt 0:00:30]} Kxe8 {[%emt 0:00:30]} 31. a3 {[%emt 0:00:30]} *

[Event "VIII Lorca Open-A 2019"]
[Site "Lorca"]
[Date "2019.12.28"]
[Round "5.15"]
[White "Plazuelo Pascual, Juan"]
[Black "Godbole, Atharva"]
[Result "1/2-1/2"]
[WhiteElo "2433"]
[BlackElo "2148"]
[Annotator "NA"]
[PlyCount "30"]
[EventDate "2019.12.26"]
[EventType "swiss"]
[EventCountry "ESP"]
[SourceTitle "playchess.com"]
[Source "ChessBase"]
[SourceQuality "1"]
[TimeControl "5400+30"]

1. d4 {[%emt 1:30:30]} Nf6 {[%emt 1:30:30]} 2. c4 {[%emt 0:00:30]} g6 {[%emt 0:00:30]} 3. Nc3 {[%emt 0:00:30]} d5 {[%emt 0:00:30]} 4. cxd5 {[%emt 0:00:30]} Nxd5 {[%emt 0:00:30]} 5. Na4 {[%emt 0:00:30]} Bg7 {[%emt 0:00:30]} 6. e4 {[%emt 0:00:30]} Nb6 {[%emt 0:00:30]} 7. Be3 {[%emt 0:00:30]} O-O {[%emt 0:00:30]} 8. Nf3 {[%emt 0:00:30]} Nxa4 {[%emt 0:00:30]} 9. Qxa4 {[%emt 0:00:30]} c5 {[%emt 0:00:30]} 10. Rd1 {[%emt 0:00:30]} Bd7 {[%emt 0:00:30]} 11. Qa3 {[%emt 0:00:30]} cxd4 {[%emt 0:00:30]} 12. Nxd4 {[%emt 0:00:30]} Qc7 {[%emt 0:00:30]} 13. Be2 {[%emt 0:00:30]} a6 {[%emt 0:00:30]} 14. O-O {[%emt 0:00:30]} Nc6 {[%emt 0:00:30]} 15. Nb3 {[%emt 0:00:30]} Rfd8 {[%emt 0:00:30]} 1/2-1/2

[Event "VIII Lorca Open-A 2019"]
[Site "Lorca"]
[Date "2019.12.28"]
[Round "5.15"]
[White "Plazuelo Pascual, Juan"]
[Black "Godbole, Atharva"]
[Result "*"]
[WhiteElo "2433"]
[BlackElo "2148"]
[Annotator "NA"]
[PlyCount "21"]
[EventDate "2019.12.26"]
[EventType "swiss"]
[EventCountry "ESP"]
[SourceTitle "playchess.com"]
[Source "ChessBase"]
[SourceQuality "1"]
[TimeControl "5400+30"]

1. d4 {[%emt 0:01:45]} d6 {[%emt 0:00:12]} 2. Nf3 {[%emt 0:02:37]} g6 {[%emt 0:00:12]} 3. e4 {[%emt 0:03:09]} Bg7 {[%emt 0:00:09]} 4. h3 {[%emt 0:00:29]} Nd7 {[%emt 0:03:24]} 5. Nc3 {[%emt 0:04:42]} a6 {[%emt 0:01:09]} 6. a4 {[%emt 1:20:18]} b6 {[%emt 0:01:38]} 7. Be2 {[%emt 1:19:50]} e6 {[%emt 0:00:15]} 8. O-O {[%emt 1:16:58]} Bb7 {[%emt 1:27:01]} 9. Be3 {[%emt 0:01:30]} Ne7 {[%emt 0:00:48]} 10. Qd2 {[%emt 0:01:48]} h6 {[%emt 0:00:13]} 11. Nh2 {[%emt 0:02:54]} *

[Event "VIII Lorca Open-A 2019"]
[Site "Lorca"]
[Date "2019.12.28"]
[Round "5.16"]
[White "Arias Igual, Alejandro"]
[Black "Budnikov, Oleg"]
[Result "1/2-1/2"]
[WhiteElo "2208"]
[BlackElo "2429"]
[Annotator "ChessBase"]
[PlyCount "73"]
[EventDate "2019.12.26"]
[EventType "swiss"]
[EventCountry "ESP"]
[SourceTitle "playchess.com"]
[Source "ChessBase"]
[SourceQuality "1"]
[TimeControl "5400+30"]

1. d4 {[%emt 0:01:45]} d6 {[%emt 0:00:12]} 2. Nf3 {[%emt 0:02:37]} g6 {[%emt 0:00:12]} 3. e4 {[%emt 0:03:09]} Bg7 {[%emt 0:00:09]} 4. h3 {[%emt 0:00:29]} Nd7 {[%emt 0:03:24]} 5. Nc3 {[%emt 0:04:42]} a6 {[%emt 0:01:09]} 6. a4 {[%emt 0:00:58]} b6 {[%emt 0:01:38]} 7. Be2 {[%emt 0:03:22]} e6 {[%emt 0:00:15]} 8. O-O {[%emt 0:05:02]} Bb7 {[%emt 0:00:19]} 9. Be3 {[%emt 0:01:30]} Ne7 {[%emt 0:00:48]} 10. Qd2 {[%emt 0:01:48]} h6 {[%emt 0:00:13]} 11. Nh2 {[%emt 1:10:08]} f5 12. exf5 {[%emt 0:00:00]} Nxf5 {[%emt 0:05:52]} 13. Bf3 {[%emt 0:01:00]} d5 14. Ne2 h5 15. Rae1 O-O 16. c3 Nxe3 17. Qxe3 e5 18. dxe5 Nxe5 19. Nd4 Qf6 20. Bd1 c5 21. Ndf3 Nc4 22. Qc1 b5 23. Bb3 Rae8 24. axb5 axb5 25. Rxe8 {[%emt 0:00:00]} Rxe8 {[%emt 0:06:11]} 26. Re1 {[%emt 0:06:30]} Rxe1+ 27. Qxe1 Nd6 28. Qe3 c4 29. Bc2 b4 30. Nd4 b3 31. Bb1 Ne4 32. Nhf3 Qa6 33. Qf4 Qa8 34. Ne6 Qe8 35. Nxg7 {[%emt 0:00:00]} Kxg7 {[%emt 0:30:00]} 36. Nd4 {[%emt 0:00:00]} Qe7 {[%emt 0:26:51]} 37. Bxe4 {[%emt 0:00:00]} 1/2-1/2

[Event "VIII Lorca Open-A 2019"]
[Site "Lorca"]
[Date "2019.12.28"]
[Round "5.16"]
[White "Arias Igual, Alejandro"]
[Black "Budnikov, Oleg"]
[Result "*"]
[WhiteElo "2208"]
[BlackElo "2429"]
[Annotator "NA"]
[PlyCount "24"]
[EventDate "2019.12.26"]
[EventType "swiss"]
[EventCountry "ESP"]
[SourceTitle "playchess.com"]
[Source "ChessBase"]
[SourceQuality "1"]
[TimeControl "5400+30"]

1. e3 {[%emt 0:04:33]} d5 {[%emt 0:00:22]} 2. Nf3 {[%emt 0:00:18]} Nf6 {[%emt 0:00:17]} 3. c4 {[%emt 0:00:06]} e6 {[%emt 0:00:23]} 4. d4 {[%emt 0:00:05]} Nbd7 {[%emt 0:01:15]} 5. Nc3 {[%emt 0:00:34]} Be7 {[%emt 0:00:17]} 6. Qc2 {[%emt 0:10:30]} O-O {[%emt 0:01:25]} 7. cxd5 {[%emt 0:01:38]} exd5 {[%emt 0:00:48]} 8. g4 {[%emt 0:07:27]} c6 {[%emt 1:29:13]} 9. g5 {[%emt 0:00:52]} Nh5 {[%emt 0:00:50]} 10. Bd3 {[%emt 0:09:06]} g6 {[%emt 0:02:25]} 11. Bd2 {[%emt 0:00:45]} Re8 {[%emt 0:04:25]} 12. O-O-O {[%emt 0:00:29]} Nf8 {[%emt 0:00:31]} *

[Event "VIII Lorca Open-A 2019"]
[Site "Lorca"]
[Date "2019.12.29"]
[Round "6.1"]
[White "Bernadskiy, Vitaliy"]
[Black "Sadzikowski, Daniel"]
[Result "1-0"]
[WhiteElo "2593"]
[BlackElo "2504"]
[Annotator "ChessBase"]
[PlyCount "65"]
[EventDate "2019.12.26"]
[EventType "swiss"]
[EventCountry "ESP"]
[SourceTitle "playchess.com"]
[Source "ChessBase"]
[SourceQuality "1"]
[TimeControl "5400+30"]

1. e4 {[%emt 0:00:00]} e6 {[%emt 0:01:16]} 2. d4 {[%emt 0:00:00]} d5 {[%emt 0:00:03]} 3. Bd3 {[%emt 0:00:10]} dxe4 {[%emt 0:00:05]} 4. Bxe4 {[%emt 0:00:03]} Nf6 {[%emt 0:00:05]} 5. Bf3 {[%emt 0:00:03]} c5 {[%emt 0:01:04]} 6. Ne2 {[%emt 0:00:05]} Nc6 {[%emt 0:00:36]} 7. Be3 {[%emt 0:00:05]} cxd4 {[%emt 0:00:16]} 8. Nxd4 {[%emt 0:00:05]} Ne5 {[%emt 0:00:29]} 9. Nc3 {[%emt 0:00:06]} a6 {[%emt 0:00:48]} 10. Qe2 {[%emt 0:02:43]} Nxf3+ {[%emt 0:06:54]} 11. Qxf3 {[%emt 0:00:40]} Be7 {[%emt 0:27:54]} 12. O-O-O {[%emt 0:00:20]} Qc7 {[%emt 0:04:43]} 13. g4 {[%emt 0:01:34]} O-O {[%emt 0:02:09]} 14. g5 {[%emt 0:07:37]} Ne8 {[%emt 0:00:40]} 15. h4 {[%emt 0:08:57]} Bd7 {[%emt 0:01:45]} 16. h5 {[%emt 0:01:07]} Rc8 {[%emt 0:01:56]} 17. Bf4 {[%emt 0:03:04]} Qc5 {[%emt 0:05:21]} 18. Ne4 {[%emt 0:02:24]} Qa5 {[%emt 0:04:41]} 19. Kb1 {[%emt 0:02:02]} f6 {[%emt 0:02:46]} 20. g6 {[%emt 0:03:31]} h6 {[%emt 0:02:48]} 21. Qe3 {[%emt 0:06:55]} Nc7 {[%emt 0:06:22]} 22. Nb3 {[%emt 0:01:41]} Qf5 {[%emt 0:04:24]} 23. Rxd7 {[%emt 0:02:21]} Nd5 {[%emt 0:00:04]} 24. Rxd5 {[%emt 0:09:00]} exd5 {[%emt 0:00:02]} 25. Nc3 {[%emt 0:00:20]} Rfe8 {[%emt 0:00:42]} 26. Nd4 {[%emt 0:01:07]} Qg4 {[%emt 0:02:03]} 27. f3 {[%emt 0:05:05]} Qd7 {[%emt 0:03:38]} 28. Qd3 {[%emt 0:00:13]} Bd6 {[%emt 0:02:40]} 29. Bxd6 {[%emt 0:01:29]} Qxd6 {[%emt 0:00:05]} 30. Nf5 {[%emt 0:00:07]} Qe5 {[%emt 0:03:22]} 31. f4 {[%emt 0:00:36]} Qxf4 {[%emt 0:00:56]} 32. Qxd5+ {[%emt 0:00:13]} Kh8 {[%emt 0:00:04]} 33. Nd6 {[%emt 0:00:19]} 1-0

[Event "VIII Lorca Open-A 2019"]
[Site "Lorca"]
[Date "2019.12.29"]
[Round "6.2"]
[White "Sivuk, Vitaly"]
[Black "Low, Zhen Yu Cyrus"]
[Result "1/2-1/2"]
[WhiteElo "2588"]
[BlackElo "2420"]
[Annotator "ChessBase"]
[PlyCount "69"]
[EventDate "2019.12.26"]
[EventType "swiss"]
[EventCountry "ESP"]
[SourceTitle "playchess.com"]
[Source "ChessBase"]
[SourceQuality "1"]
[TimeControl "5400+30"]

1. c4 {[%emt 0:07:28]} Nf6 {[%emt 0:00:00]} 2. Nf3 {[%emt 0:00:15]} g6 {[%emt 0:00:08]} 3. b3 {[%emt 0:00:07]} Bg7 {[%emt 0:01:16]} 4. Bb2 {[%emt 0:00:06]} c5 {[%emt 0:00:29]} 5. g3 {[%emt 0:00:10]} d6 {[%emt 0:00:07]} 6. d4 {[%emt 0:00:13]} Ne4 {[%emt 0:00:07]} 7. Bg2 {[%emt 0:03:26]} Qa5+ {[%emt 0:00:55]} 8. Nfd2 {[%emt 0:03:10]} Nxd2 {[%emt 0:12:16]} 9. Bc3 {[%emt 0:00:14]} Qb6 {[%emt 0:06:15]} 10. dxc5 {[%emt 0:00:12]} Nxb1 {[%emt 0:13:31]} 11. Bxg7 {[%emt 0:00:16]} Qb4+ {[%emt 0:00:54]} 12. Kf1 {[%emt 0:00:07]} Nd2+ {[%emt 0:02:08]} 13. Kg1 {[%emt 0:00:08]} Rg8 {[%emt 0:00:05]} 14. Bd4 {[%emt 0:18:08]} dxc5 {[%emt 0:18:44]} 15. Be3 {[%emt 0:00:08]} Nxc4 {[%emt 0:00:04]} 16. bxc4 {[%emt 0:00:06]} Nc6 {[%emt 0:00:15]} 17. Rb1 {[%emt 0:05:54]} Qxc4 {[%emt 0:03:11]} 18. Bd5 {[%emt 0:00:50]} Qa6 {[%emt 0:06:24]} 19. Qb3 {[%emt 0:02:30]} Nd8 {[%emt 0:00:36]} 20. Bxc5 {[%emt 0:08:40]} Be6 {[%emt 0:03:02]} 21. Bxb7 {[%emt 0:04:35]} Qxb7 {[%emt 0:02:04]} 22. Qxb7 {[%emt 0:00:10]} Nxb7 {[%emt 0:00:07]} 23. Rxb7 {[%emt 0:00:03]} O-O-O {[%emt 0:03:20]} 24. Rxa7 {[%emt 0:03:58]} Bh3 {[%emt 0:01:29]} 25. f3 {[%emt 0:00:23]} Rd1+ {[%emt 0:00:06]} 26. Kf2 {[%emt 0:00:04]} Rxh1 {[%emt 0:00:06]} 27. Ra8+ {[%emt 0:00:04]} Kd7 {[%emt 0:00:06]} 28. Rxg8 {[%emt 0:00:06]} Rxh2+ {[%emt 0:00:04]} 29. Ke1 {[%emt 0:00:23]} Be6 {[%emt 0:01:08]} 30. Ra8 {[%emt 0:00:52]} Bc4 {[%emt 0:00:27]} 31. Ra7+ {[%emt 0:00:16]} Kc6 {[%emt 0:00:07]} 32. Bf2 {[%emt 0:00:14]} Rh1+ {[%emt 0:00:15]} 33. Kd2 {[%emt 0:00:04]} Ra1 {[%emt 0:00:06]} 34. Rxe7 {[%emt 0:04:27]} Rxa2+ {[%emt 0:00:11]} 35. Ke1 {[%emt 0:00:05]} 1/2-1/2

[Event "VIII Lorca Open-A 2019"]
[Site "Lorca"]
[Date "2019.12.29"]
[Round "6.3"]
[White "Merario Alarcon, Andres"]
[Black "Narciso Dublan, Marc"]
[Result "0-1"]
[WhiteElo "2417"]
[BlackElo "2516"]
[Annotator "ChessBase"]
[PlyCount "62"]
[EventDate "2019.12.26"]
[EventType "swiss"]
[EventCountry "ESP"]
[SourceTitle "playchess.com"]
[Source "ChessBase"]
[SourceQuality "1"]
[TimeControl "5400+30"]

1. d4 {[%emt 0:00:00]} d5 {[%emt 0:00:00]} 2. c4 {[%emt 0:00:00]} c6 {[%emt 0:00:07]} 3. cxd5 {[%emt 0:00:07]} cxd5 {[%emt 0:00:09]} 4. Bf4 {[%emt 0:00:04]} Nc6 {[%emt 0:00:36]} 5. e3 {[%emt 0:00:07]} Nf6 {[%emt 0:00:18]} 6. Nc3 {[%emt 0:00:18]} a6 {[%emt 0:03:27]} 7. Be2 {[%emt 0:00:29]} e6 {[%emt 0:00:42]} 8. Nf3 {[%emt 0:00:17]} Be7 {[%emt 0:00:45]} 9. O-O {[%emt 0:00:28]} Nh5 {[%emt 0:01:57]} 10. Bg5 {[%emt 0:00:17]} Bxg5 {[%emt 0:01:48]} 11. Nxg5 {[%emt 0:00:09]} Qxg5 {[%emt 0:00:26]} 12. Bxh5 {[%emt 0:00:08]} O-O {[%emt 0:00:24]} 13. f4 {[%emt 0:09:24]} Qe7 {[%emt 0:00:46]} 14. Rc1 {[%emt 0:08:16]} Bd7 {[%emt 0:00:55]} 15. Na4 {[%emt 0:01:39]} Rfd8 {[%emt 0:03:04]} 16. Nb6 {[%emt 0:06:27]} Rab8 {[%emt 0:00:39]} 17. Rc5 {[%emt 0:11:34]} Be8 {[%emt 0:01:48]} 18. Qb3 {[%emt 0:02:05]} Rd6 {[%emt 0:03:47]} 19. Na4 {[%emt 0:29:13]} Qd8 {[%emt 0:06:54]} 20. Rc3 {[%emt 0:04:20]} Na5 {[%emt 0:09:34]} 21. Qd1 {[%emt 0:07:30]} Nc4 {[%emt 0:02:09]} 22. Be2 {[%emt 0:03:58]} Qa5 {[%emt 0:13:11]} 23. Bxc4 {[%emt 0:01:02]} dxc4 {[%emt 0:00:14]} 24. Ra3 {[%emt 0:01:16]} Qb4 {[%emt 0:08:27]} 25. Qe1 {[%emt 0:01:19]} a5 {[%emt 0:02:43]} 26. Qc3 {[%emt 0:03:23]} b6 {[%emt 0:01:22]} 27. Qc2 {[%emt 0:00:11]} f6 {[%emt 0:01:42]} 28. Nc3 {[%emt 0:01:45]} b5 {[%emt 0:01:59]} 29. Ne4 {[%emt 0:01:23]} Bg6 {[%emt 0:00:34]} 30. f5 {[%emt 0:00:08]} Bxf5 {[%emt 0:00:12]} 31. Rxf5 {[%emt 0:00:04]} exf5 {[%emt 0:00:05]} 0-1

[Event "VIII Lorca Open-A 2019"]
[Site "Lorca"]
[Date "2019.12.29"]
[Round "6.4"]
[White "Grigoryan, Karen H."]
[Black "Gascon Del Nogal, Jose Rafael"]
[Result "1-0"]
[WhiteElo "2621"]
[BlackElo "2475"]
[Annotator "TA"]
[PlyCount "141"]
[EventDate "2019.12.26"]
[EventType "swiss"]
[EventCountry "ESP"]
[SourceTitle "playchess.com"]
[Source "ChessBase"]
[SourceQuality "1"]

{[%evp 15,141,8,13,-1,13,0,13,0,0,-17,33,26,28,31,54,54,51,15,40,8,48,37,37,37,37,36,36,36,45,25,38,35,24,25,24,22,26,26,32,-11,0,0,0,-20,-15,-41,0,0,0,0,0,0,0,0,0,0,0,-4,0,0,0,0,0,0,3,3,3,1,11,0,0,0,0,0,0,0,0,0,0,-8,0,-8,0,0,0,0,0,0,0,0,0,0,0,0,0,0,0,0,0,0,0,0,0,0,0,0,0,0,0,0,0,0,0,0,0,0,0,0,0,0,0,0,0,0,29973,29974,29977,29979]} 1. e4 e5 2. Nf3 Nc6 3. Bb5 a6 4. Ba4 d6 5. c4 Bg4 6. h3 Bxf3 7. Qxf3 Nf6 8. Nc3 Be7 9. Ne2 {C71: Ruy Lopez: Deferred Steinitz Variation, sidelines} O-O 10. O-O Nd7 11. Bxc6 {The position is equal.} (11. Rb1 Bg5 12. b4 Re8 13. Qg4 a5 14. Bxc6 bxc6 15. b5 cxb5 16. cxb5 {1-0 (45) Vovk,A (2540)-Fedorchuk,S (2634) Cappelle-la-Grande 2012}) 11... bxc6 12. d4 Bf6 13. d5 $1 c5 14. Bd2 g6 $146 ({Predecessor:} 14... Bg5 15. Ba5 g6 16. Qd3 f5 17. exf5 gxf5 {1-0 (63) Davis,E-Ghitescu,T Reykjavik 1957}) 15. Ba5 Bg7 16. b4 f5 17. Nc3 Ra7 {[%cal Ba8a7,Ba7b7,Bb7b8][%mdl 32]} (17... cxb4 {with more complications.} 18. Bxb4 Qh4 19. Qe2 Nf6 20. Rae1 Nxe4 21. Nxe4 Qxe4 22. Qxe4 fxe4 23. Rxe4 Rab8) 18. bxc5 Nxc5 19. Bb4 Nxe4 20. Nxe4 fxe4 21. Qxe4 Rf4 22. Qe2 Rb7 23. a3 Qd7 24. Rac1 Bf8 25. Rfd1 Rb8 26. c5 Qb5 27. Qe1 dxc5 28. Bd2 Rd4 29. Bc3 Rxd1 30. Rxd1 Bd6 31. f4 $1 {[#]} e4 $1 {[%mdl 512]} 32. Qxe4 {White wants to mate with Qe6+.} Re8 33. Be5 Qb3 34. Rd3 Qb1+ 35. Kh2 Qc2 36. Qe3 c4 37. Rc3 Qf5 {[%cal Re8e5]} 38. Rxc4 Bxe5 39. fxe5 Qxe5+ 40. Qxe5 Rxe5 $11 {[%mdl 4096] Endgame KR-KR} 41. Rc5 g5 42. Kg3 h5 43. Kf3 Kf8 44. g4 h4 45. Ra5 c6 46. Rxa6 cxd5 47. Ra5 Ke7 48. a4 {[%cal Ba3a4,Ba4a5,Ba5a6,Ba6a7][%mdl 32]} Ke6 49. Ra8 {Strongly threatening Re8+.} Kf7 50. a5 d4 51. a6 {a7 is the strong threat.} Re3+ 52. Kf2 Ra3 ({Not} 52... Rxh3 $2 53. a7 $18) 53. a7 {Threatens to win with Rh8.} Kg7 54. Ke2 d3+ 55. Ke3 Kh7 $1 56. Ke4 {With the idea Kf5.} d2 57. Rd8 Rxa7 58. Kf5 Ra3 59. Rd7+ Kg8 60. Kg6 $1 {[%cal Rd7d8]} Kf8 61. Rd8+ {[#]} Ke7 $1 62. Rxd2 Rxh3 63. Kxg5 Rh1 64. Kh6 {aiming for g5.} Kf7 65. g5 Rg1 66. Rd7+ Ke8 67. Rd4 h3 {And now ...h2 would win.} 68. Rh4 {Black must now prevent g6.} Rg3 69. g6 Kf8 $2 {[%mdl 8192] [#]} (69... Ke7 $11) 70. Kh7 $1 Ke7 71. g7 {Accuracy: White = 74%, Black = 79%.} 1-0